<The> political economy of anti-dumping undertakings in the European Communities.

Politika antidumpingových opatrení a záruk v rámci ES. Stručná deskriptívna analýza antidumpingových opatrení. Hypotéza ochrany vysokej úrovne techniky. Výsledky regresnej analýzy.

Enregistré dans:
Détails bibliographiques
Auteur principal: Tharakan, P.K.M
Format: Chapitre de livre
Langue:anglais
Sujets:
Tags: Ajouter un tag
Pas de tags, Soyez le premier à ajouter un tag!

MARC

LEADER 00000naa a2200000 4500
001 r005500
005 20221130103142.7
041 0 |a eng 
044 |a NL 
245 1 0 |a <The> political economy of anti-dumping undertakings in the European Communities.  |c P.K.M. Tharakan 
520 |a Politika antidumpingových opatrení a záruk v rámci ES. Stručná deskriptívna analýza antidumpingových opatrení. Hypotéza ochrany vysokej úrovne techniky. Výsledky regresnej analýzy. 
610 2 0 |a ceny zahraničnoobchodné 
610 2 0 |a dumping 
610 2 0 |a Európske spoločenstvá 
610 2 0 |a analýza regresná 
610 2 0 |a zákony 
610 2 0 |a testovanie hypotéz 
100 1 |a Tharakan, P.K.M.